Online
Catalog

La providencia / (Record no. 42704)

MARC details
000 -CABECERA
campo de control de longitud fija 00892nam a2200241 a 4500
001 - NÚMERO DE CONTROL
campo de control 000043215
005 - FECHA Y HORA DE LA ÚLTIMA TRANSACCIÓN
campo de control 20201002040729.0
008 - DATOS DE LONGITUD FIJA--INFORMACIÓN GENERAL
campo de control de longitud fija 140225s2010 nyu 000 p spa d
020 ## - NÚMERO INTERNACIONAL ESTÁNDAR DEL LIBRO
Número Internacional Estándar del Libro 0982200382
040 ## - FUENTE DE LA CATALOGACIÓN
Centro catalogador/agencia de origen DO-SdBNP
Lengua de catalogación spa
Centro/agencia transcriptor BNPHU
041 17 - CÓDIGO DE LENGUA
Código de lengua del texto/banda sonora o título independiente spa
Código de lengua original eng
082 ## - NÚMERO DE LA CLASIFICACIÓN DECIMAL DEWEY
Número de clasificación xxx
Número de documento/Ítem xxx
100 1# - ENTRADA PRINCIPAL--NOMBRE DE PERSONA
Nombre de persona Walcott, Derek,
Fechas asociadas al nombre 1930-
9 (RLIN) 33657
240 10 - TÍTULO UNIFORME
Título uniforme The bounty.
Lenguaje de la obra Español
245 13 - MENCIÓN DE TÍTULO
Título La providencia /
Mención de responsabilidad, etc. Derek Walcott ; traducción anotada y ensayos Áurea María Sotomayor-Miletti.
260 ## - PUBLICACIÓN, DISTRIBUCIÓN, ETC.
Lugar de publicación, distribución, etc. San Juan, Puerto Rico :
Nombre del editor, distribuidor, etc. Fragmento Imán,
Fecha de publicación, distribución, etc. 2010.
300 ## - DESCRIPCIÓN FÍSICA
Extensión xv, 207 p. ;
Dimensiones 22 cm.
490 1# - MENCIÓN DE SERIE
Mención de serie Arco invisible
-- poesía
500 ## - NOTA GENERAL
Nota general Incluye datos biográficos de la autora en la solapa de la cubierta.
590 ## - NOTA LOCAL (RLIN)
Nota local La biblioteca posee un ejemplar autografíado por la autora.
700 12 - PUNTO DE ACCESO ADICIONAL--NOMBRE DE PERSONA
Nombre de persona Sotomayor-Miletti, Áurea María,
Fechas asociadas al nombre 1951-
Término indicativo de función/relación tr.
9 (RLIN) 14201
830 #0 - PUNTO DE ACCESO ADICIONAL DE SERIE-TÍTULO UNIFORME
Título uniforme Arco invisible ;
Nombre de parte o sección de la obra poesía
9 (RLIN) 70808
Holdings
Estado de retiro Estado de pérdida Restricciones de uso No para préstamo Código de colección Localización permanente Ubicación/localización actual Ubicación en estantería Fecha de adquisición Número de inventario Total de préstamos Signatura topográfica completa Código de barras Fecha visto por última vez Precio válido a partir de Tipo de ítem Koha
      Excluido de préstamo Monografías: Libros y Folletos General General En catalogación 25.02.2014 LF1   xxx xxx 43215-10 25.06.2020 25.06.2020 No se presta

Powered by Koha